| 000 | 00437nam a2200121 a 4500 | ||
|---|---|---|---|
| 008 | 120416s1999 xx |||||||||||||| || u | ||
| 050 | _aTHESIS | ||
| 100 | _aSinyinda, Mukubesa | ||
| 245 | 1 | 2 | _aA study on the viability of local consulting firms in a liberalised economy |
| 260 | _c1999 | ||
| 350 | _a0.00 | ||
| 995 |
_D0.00 _FCBU-MAIN LIBRARY (Kitwe) _H1 _I0.00 _UAVAILABLE _ZUniversity Collection |
||
| 999 |
_c58992 _d58992 |
||